000
00282nam a2200121Ia 4500
008
190216s9999||||xx |||||||||||||| ||und||
100
_a
Gurdeep Chatwal
245
0
_a
Photochemistry
260
_b
Goel Pub House
_c
1976
300
_a
180p
650
_a
Chemistry-Chemistry
942
_c
BK
999
_c
2576
_d
2576